| 000 | 00415nam a2200181Ia 4500 | ||
|---|---|---|---|
| 005 | 20250423101201.0 | ||
| 008 | 250422s9999 xx 000 0 und d | ||
| 020 | _a0-7868-6725-6 | ||
| 050 | _aPS 3566 .E234 P318/ | ||
| 100 | _aPearson, Ridley | ||
| 245 | 4 | _aThe body of David Hayes | |
| 260 | _aNew York | ||
| 260 | _bHyderion | ||
| 260 | _c2004 | ||
| 300 | _a344 p | ||
| 650 | _aLiterature | ||
| 942 | _cBK | ||
| 999 |
_c35542 _d35542 |
||